000 00326nam a2200109Ia 4500
008 171211s9999 xx 000 0 und d
245 _aStitch It for Fall: Seasonal Sewing Projects to Craft & Quilt
245 _cLynette Anderson
260 _c2013
650 _xHobbies
856 _uhttp://down.ebook777.com/063/1446303195.pdf
999 _c350336
_d350336